عرض عادي
عرض مارك
- Environmental Pollutants
مدخل مصطلح موضوعي
001 - رقم الضبط
- حقل الضبط: 12075
003 - معرف رقم الضبط
- حقل الضبط: OSt
005 - تاريخ ووقت أخر عملية
- حقل الضبط: 20120427213928.0
008 - عناصر بيانات ثابتة الطول
- حقل تحكم ثابت الطول: 120427|||a|||||| | ||| d
040 ## - مصدر الفهرسة
- هيئة الفهرسة الأصلية: OSt
- وكالة الكتابة: OSt
150 ## - مدخل-- مصطلح تاريخي
- عنصر مدخل المصطلح الموضوعي او الاسم الجغرافي: Environmental Pollutants
- تفريع عام: toxicity
- تفريع شكلي: Congresses.
670 ## - بيانات المصدر موجوده
- الاستشهاد بالمصدر: Work cat.: (OSt)0: International Conference on Environmental Toxicology (3rd : 2010 : Cyprus) 12073, Environmental toxicology III /, c2010.
